000 004980000a22001810004500
003 MACL
005 20150801161248.0
008 150801b xxu||||| |||| 00| 0 eng d
040 _aMACL
_cMACL
041 _aEnglish
082 _a363.965/KOH
100 _aKohli, Shanta
_94173
245 _aFamily Planning in India
_bA Descriptive Analysis
260 _bIndian Institute of Public Administration
_c1977
_aNew Delhi
350 _a15
650 _aSocial Science
_94174
942 _cBK
_k363.965
_2ddc
999 _c20812
_d20812